[Event "29. Grecia ch femenino"]
[Site "Atenas GRE"]
[Date "2006.11.26"]
[Round "2.2"]
[White "Sperdokli, Elli"]
[Black "Papadopoulou, Vera"]
[Result "0-1"]
[WhiteElo "2111"]
[BlackElo "2246"]
[PlyCount "72"]
[EventDate "2006.11.27"]
[EventType "tourn"]
[EventRounds "9"]
[EventCountry "GRE"]
[Source "lmi"]
[SourceDate "2006.11.27"]

1. e4 c5 2. Nf3 Nc6 3. Bb5 d6 4. c3 Nf6 5. Qe2 Bd7 6. O-O e5 7. d4 cxd4 8. cxd4
Qc7 9. Nc3 Be7 10. d5 Nb8 11. Bg5 O-O 12. Bxd7 Nbxd7 13. Nh4 Rfc8 14. Nf5 Bf8
15. Nb5 Qb6 16. a4 h6 17. Be3 Qa6 18. Qf3 Kh7 19. g4 Rc2 20. h4 g6 21. g5 Nh5
22. Nxh6 f6 23. Ng4 Be7 24. gxf6 Ndxf6 25. Nxf6+ Bxf6 26. Qg4 Bg7 27. Qd7 Nf6
28. Qxd6 Nxe4 29. Qe7 Rf8 30. d6 Qc6 31. Rac1 Ng3 32. Kh2 Nxf1+ 33. Rxf1 Qf3
34. Bxa7 Qf4+ 35. Kg1 Qg4+ 36. Kh1 Rf3 0-1

[Event "29. Grecia ch femenino"]
[Site "Atenas GRE"]
[Date "2006.11.26"]
[Round "2.3"]
[White "Fakhiridou, Ekaterini"]
[Black "Makka, Ioulia"]
[Result "1-0"]
[WhiteElo "2285"]
[BlackElo "2204"]
[PlyCount "135"]
[EventDate "2006.11.27"]
[EventType "tourn"]
[EventRounds "9"]
[EventCountry "GRE"]
[Source "lmi"]
[SourceDate "2006.11.27"]

1. e4 e6 2. d4 d5 3. Nc3 Nf6 4. Bg5 dxe4 5. Nxe4 Nbd7 6. Nf3 h6 7. Nxf6+ Nxf6
8. Be3 Nd5 9. Qd2 Bb4 10. c3 Bd6 11. Bd3 Bd7 12. Ne5 Bxe5 13. dxe5 Nxe3 14.
Qxe3 Qg5 15. Qxg5 hxg5 16. Be4 Rh4 17. f3 O-O-O 18. Rd1 f5 19. exf6 gxf6 20.
O-O f5 21. Bc2 Rdh8 22. h3 g4 23. fxg4 fxg4 24. Rd4 e5 25. Rxd7 Kxd7 26. Bf5+
Ke7 27. Bxg4 R4h6 28. Rf5 Kd6 29. Kf2 Re8 30. Ke3 Ree6 31. Rf8 Re7 32. Bf3 c6
33. Be4 Ree6 34. Rf7 Re7 35. Rf3 Kc7 36. g4 Rd6 37. Bc2 Red7 38. Rf2 Rh6 39.
Rh2 Rg7 40. Bf5 Rh4 41. Kf3 Rg8 42. Kg3 Rgh8 43. Bg6 R4h6 44. Be4 Rh4 45. Rh1
Kd6 46. Bg6 Ke6 47. Bh5 R4xh5 48. gxh5 Rxh5 49. Kg4 Rh8 50. h4 Rg8+ 51. Kf3 Kf5
52. h5 e4+ 53. Ke3 Rg3+ 54. Kf2 Rg7 55. h6 Rh7 56. Ke3 Kg6 57. Kxe4 Re7+ 58.
Kd4 Kh7 59. Rh2 Re1 60. Kc5 Rd1 61. c4 Rd7 62. a4 Rd1 63. Re2 Kxh6 64. Re7 b6+
65. Kxc6 Rb1 66. Rxa7 Rxb2 67. Rb7 Rb4 68. Rxb6 1-0

[Event "29. Grecia ch femenino"]
[Site "Atenas GRE"]
[Date "2006.11.26"]
[Round "2.5"]
[White "Pavlogianni, Despina"]
[Black "Stiri, Alexandra"]
[Result "0-1"]
[WhiteElo "1951"]
[BlackElo "2252"]
[PlyCount "100"]
[EventDate "2006.11.27"]
[EventType "tourn"]
[EventRounds "9"]
[EventCountry "GRE"]
[Source "lmi"]
[SourceDate "2006.11.27"]

1. e4 c5 2. Nf3 e6 3. d4 cxd4 4. Nxd4 a6 5. Nc3 Qc7 6. g3 b5 7. Bg2 Bb7 8. O-O
d6 9. Re1 Nd7 10. a4 b4 11. Na2 e5 12. Nf5 g6 13. Ne3 a5 14. c3 b3 15. Qxb3
Ngf6 16. Nd5 Nxd5 17. exd5 Bg7 18. Be3 O-O 19. Nc1 Ba6 20. Qd1 f5 21. f4 Rab8
22. Rb1 exf4 23. Bxf4 Bxc3 24. Re6 Be5 25. Bxe5 Nxe5 26. Kh1 Bc8 27. Nd3 Bxe6
28. dxe6 Kh8 29. Nxe5 dxe5 30. Qe1 e4 31. Rc1 Qe5 32. e7 Rfe8 33. Bf1 Rxe7 34.
Bb5 Qxb2 35. Rb1 Qe5 36. Qxa5 e3 37. Re1 Rc8 38. Qb4 Rc2 39. Bf1 Qd5+ 40. Kg1
Qe5 41. a5 e2 42. Bg2 Qe3+ 43. Kh1 Rd2 44. a6 Rd1 45. Qb2+ Kg8 46. Qb4 Rxe1+
47. Qxe1 Rd7 48. a7 Rxa7 49. Bd5+ Kg7 50. Bc6 Rc7 0-1

[Event "29. Grecia ch femenino"]
[Site "Atenas GRE"]
[Date "2006.11.27"]
[Round "3.1"]
[White "Makka, Evanthia"]
[Black "Sperdokli, Elli"]
[Result "1/2-1/2"]
[WhiteElo "2076"]
[BlackElo "2111"]
[PlyCount "114"]
[EventDate "2006.11.27"]
[EventType "tourn"]
[EventRounds "9"]
[EventCountry "GRE"]
[Source "lmi"]
[SourceDate "2006.11.27"]

1. d4 Nf6 2. c3 e6 3. Nf3 b6 4. Nbd2 Bb7 5. e3 c5 6. Bd3 cxd4 7. exd4 Be7 8.
O-O d6 9. Qe2 Nbd7 10. Re1 O-O 11. Ng5 Re8 12. Ndf3 Nf8 13. Bb5 N6d7 14. Bc4 h6
15. Nh3 Nf6 16. Bb5 N8d7 17. Nf4 Bf8 18. Nd3 a6 19. Ba4 b5 20. Bb3 Nb6 21. Nd2
Qc7 22. f3 Nc4 23. Ne4 Nxe4 24. fxe4 e5 25. d5 Qd7 26. Nf2 Rac8 27. a4 f5 28.
axb5 axb5 29. Bc2 f4 30. b3 Ne3 31. Bxe3 fxe3 32. Qxe3 Qc7 33. Nd1 Be7 34. Bd3
Bg5 35. Qe2 Qc5+ 36. Kh1 b4 37. c4 Rc7 38. Ne3 Rf7 39. Nf5 g6 40. h4 Bf4 41. g3
gxf5 42. gxf4 exf4 43. Qh5 Ree7 44. Rg1+ Kf8 45. Qxh6+ Ke8 46. Qxf4 fxe4 47.
Rg8+ Kd7 48. Qg4+ Kc7 49. Bf1 Qd4 50. Rd1 Qf2 51. Bh3 Qf3+ 52. Bg2 Qxb3 53. c5
Rh7 54. cxd6+ Kxd6 55. Rg6+ Kc5 56. Rc1+ Kd4 57. Rd1+ Kc5 1/2-1/2

[Event "29. Grecia ch femenino"]
[Site "Atenas GRE"]
[Date "2006.11.27"]
[Round "3.2"]
[White "Papadopoulou, Vera"]
[Black "Fakhiridou, Ekaterini"]
[Result "1/2-1/2"]
[WhiteElo "2246"]
[BlackElo "2285"]
[PlyCount "41"]
[EventDate "2006.11.27"]
[EventType "tourn"]
[EventRounds "9"]
[EventCountry "GRE"]
[Source "lmi"]
[SourceDate "2006.11.27"]

1. d4 e6 2. Nf3 Nf6 3. Bg5 Be7 4. e3 b6 5. Bd3 Bb7 6. Nbd2 Nd5 7. Bxe7 Nxe7 8.
O-O Ng6 9. c4 O-O 10. Rc1 d6 11. Be4 d5 12. cxd5 exd5 13. Bf5 Nd7 14. Qa4 c6
15. Qc2 Re8 16. Rfe1 Ndf8 17. Nf1 Nh4 18. Nxh4 Qxh4 19. Nd2 g6 20. Nf3 Qe7 21.
Bd3 1/2-1/2

[Event "29. Grecia ch femenino"]
[Site "Atenas GRE"]
[Date "2006.11.27"]
[Round "3.3"]
[White "Stiri, Alexandra"]
[Black "Makropoulou, Marina"]
[Result "1/2-1/2"]
[WhiteElo "2252"]
[BlackElo "2313"]
[PlyCount "241"]
[EventDate "2006.11.27"]
[EventType "tourn"]
[EventRounds "9"]
[EventCountry "GRE"]
[Source "lmi"]
[SourceDate "2006.11.27"]

1. e4 e5 2. f4 d5 3. exd5 c6 4. Qe2 cxd5 5. fxe5 Nc6 6. Nf3 d4 7. Qe4 Bc5 8.
Bc4 Nh6 9. d3 Bf5 10. Qf4 O-O 11. O-O Be6 12. Nbd2 Nf5 13. Ne4 Be7 14. Neg5 Qd7
15. Nxe6 fxe6 16. Ng5 Bxg5 17. Qxg5 Nxe5 18. Bb3 Nf7 19. Qf4 Rae8 20. Bd2 Nd8
21. Qe4 Kh8 22. Rf3 Rf6 23. Raf1 h6 24. h3 Nc6 25. g4 Nd6 26. Qe2 Rxf3 27. Qxf3
Qe7 28. a3 e5 29. Qd5 Rf8 30. Rxf8+ Qxf8 31. Kg2 Ne8 32. Qe6 Nf6 33. Bd5 Nxd5
34. Qxd5 Qe7 35. Kg3 a6 36. h4 Qf8 37. Qe6 Qf1 38. Qc8+ Kh7 39. Qf5+ Qxf5 40.
gxf5 Ne7 41. Kg4 Kg8 42. c3 Kf7 43. cxd4 exd4 44. Bb4 Nd5 45. Bc5 Ne3+ 46. Kf4
Ng2+ 47. Kg3 Ne3 48. Kf4 Ng2+ 49. Ke4 Nxh4 50. Bxd4 g6 51. fxg6+ Nxg6 52. Be3
h5 53. Kf5 h4 54. d4 Ne7+ 55. Ke5 h3 56. Bg1 Nc6+ 57. Ke4 Ke7 58. b4 Kd7 59.
Bh2 Na7 60. a4 Nc6 61. b5 axb5 62. axb5 Na7 63. b6 Nc8 64. Kf3 Nxb6 65. Kg3 Kc6
66. Kxh3 Kd5 67. Kg2 Nc4 68. Kf2 Kxd4 69. Ke2 Kc3 70. Kd1 b5 71. Kc1 Kb3 72.
Bg3 Nb2 73. Bd6 Na4 74. Be7 Nc3 75. Bf8 Ne4 76. Kb1 Nc3+ 77. Kc1 Ne2+ 78. Kb1
Nd4 79. Kc1 Ne6 80. Be7 Kc4 81. Kb2 Nf4 82. Bf8 Nd3+ 83. Kc2 Ne5 84. Kb2 Ng6
85. Bd6 Kd5 86. Bb4 Nf4 87. Bf8 Ne6 88. Be7 Kc4 89. Kc2 Nf4 90. Bf8 Nd5 91. Kb2
Nb4 92. Be7 Nc6 93. Bf8 Ne5 94. Be7 Kd5 95. Kb3 Kc6 96. Bf8 Kb6 97. Be7 Nc6 98.
Bf8 Nd4+ 99. Kc3 Ne6 100. Be7 Ka5 101. Kb3 Nd4+ 102. Ka3 Nc2+ 103. Kb3 Ne3 104.
Bd8+ Ka6 105. Kb4 Nd5+ 106. Kc5 Nf4 107. Kb4 Nd3+ 108. Kc3 Ne5 109. Kb3 Nc6
110. Bf6 Kb6 111. Bg7 Kc5 112. Bf8+ Kd5 113. Kc3 Nd4 114. Kb4 Kc6 115. Bg7 Ne6
116. Bf6 Nf4 117. Bg7 Nd5+ 118. Kb3 Kc5 119. Bf8+ Kc6 120. Bg7 Nf4 121. Bf8
1/2-1/2

[Event "29. Grecia ch femenino"]
[Site "Atenas GRE"]
[Date "2006.11.27"]
[Round "3.5"]
[White "Makka, Ioulia"]
[Black "Botsari, Anna Maria"]
[Result "0-1"]
[WhiteElo "2204"]
[BlackElo "2351"]
[PlyCount "142"]
[EventDate "2006.11.27"]
[EventType "tourn"]
[EventRounds "9"]
[EventCountry "GRE"]
[Source "lmi"]
[SourceDate "2006.11.27"]

1. e4 c5 2. Nc3 e6 3. Nge2 a6 4. g3 b5 5. Bg2 Bb7 6. O-O Nc6 7. d4 cxd4 8. Nxd4
Bc5 9. Nb3 Ba7 10. e5 f5 11. exf6 Nxf6 12. Ne4 Nxe4 13. Bxe4 Qf6 14. Qh5+ g6
15. Qg5 Qxg5 16. Bxg5 O-O 17. Be3 Bxe3 18. fxe3 d5 19. Bg2 Rxf1+ 20. Bxf1 Kf7
21. Nc5 Bc8 22. Bg2 Ra7 23. Nd3 Ke7 24. Rf1 a5 25. a3 Rc7 26. c3 Bd7 27. Rd1
Be8 28. h4 h6 29. Rd2 g5 30. hxg5 hxg5 31. e4 d4 32. cxd4 Nxd4 33. Ne5 Nb3 34.
Rf2 Rc1+ 35. Kh2 Kd6 36. Ng4 Nd4 37. e5+ Ke7 38. Nf6 Bc6 39. Ng8+ Ke8 40. Nf6+
Ke7 41. Ng8+ Kd8 42. Kh3 Bxg2+ 43. Rxg2 Ke8 44. Kg4 Kf7 45. Nf6 Kg6 46. Rd2 Rc4
47. Kh3 Nf3 48. Rd6 Kf5 49. Rd8 g4+ 50. Kg2 Rc2+ 51. Kf1 Nxe5 52. Ne8 Rxb2 53.
Nd6+ Kf6 54. Rb8 b4 55. axb4 axb4 56. Rb5 Nf3 57. Ne4+ Kg6 58. Rb6 b3 59. Nc5
Rb1+ 60. Kf2 Nd4 61. Nxe6 Nxe6 62. Rxe6+ Kf5 63. Rb6 Ke4 64. Rb4+ Kd3 65. Kg2
Rb2+ 66. Kg1 Kc3 67. Rb8 Rd2 68. Kf1 b2 69. Rc8+ Kd3 70. Rd8+ Ke3 71. Re8+ Kf3
0-1

[Event "29. Grecia ch femenino"]
[Site "Atenas GRE"]
[Date "2006.11.28"]
[Round "4.2"]
[White "Makropoulou, Marina"]
[Black "Pambalou, Fotini"]
[Result "1/2-1/2"]
[WhiteElo "2313"]
[BlackElo "2177"]
[PlyCount "90"]
[EventDate "2006.11.27"]
[EventType "tourn"]
[EventRounds "9"]
[EventCountry "GRE"]
[Source "lmi"]
[SourceDate "2006.11.27"]

1. e4 e5 2. Nf3 Nc6 3. Bb5 a6 4. Ba4 d6 5. O-O Nf6 6. Re1 b5 7. Bb3 Be7 8. c3
Na5 9. Bc2 c5 10. d4 Qc7 11. Nbd2 O-O 12. Nf1 Rd8 13. h3 Nh5 14. Ne3 Nf4 15.
Nd5 Nxd5 16. exd5 cxd4 17. cxd4 Nc4 18. b3 Nb6 19. Bb2 f6 20. Rc1 Qd7 21. Nd2
Qe8 22. f4 exf4 23. Qf3 Qf7 24. Qe4 Nxd5 25. Qxh7+ Kf8 26. Bg6 Qg8 27. Qxg8+
Kxg8 28. Be4 Be6 29. Bxd5 Bxd5 30. Rxe7 Re8 31. Rxe8+ Rxe8 32. Kf2 Bxg2 33. Ba3
d5 34. Bd6 g5 35. h4 gxh4 36. Bxf4 h3 37. Rc6 Kf7 38. Rxa6 Be4 39. Ra7+ Kg6 40.
Nf1 Bd3 41. Ne3 Re4 42. Bh2 Rxd4 43. Ra8 f5 44. Rh8 Be4 45. Ke2 Bd3+ 1/2-1/2

[Event "29. Grecia ch femenino"]
[Site "Atenas GRE"]
[Date "2006.11.28"]
[Round "4.3"]
[White "Sperdokli, Elli"]
[Black "Stiri, Alexandra"]
[Result "0-1"]
[WhiteElo "2111"]
[BlackElo "2252"]
[PlyCount "50"]
[EventDate "2006.11.27"]
[EventType "tourn"]
[EventRounds "9"]
[EventCountry "GRE"]
[Source "lmi"]
[SourceDate "2006.11.27"]

1. e4 c5 2. Nf3 e6 3. c4 Nc6 4. Nc3 g5 5. h3 Bg7 6. d3 h6 7. g3 Nge7 8. Bg2 Ng6
9. Be3 Nd4 10. O-O O-O 11. Rb1 d6 12. Ne2 e5 13. Nfxd4 cxd4 14. Bd2 f5 15. exf5
Bxf5 16. Bb4 Qd7 17. Kh2 Be6 18. Qb3 Rf7 19. Rbe1 Raf8 20. Qa3 Rxf2 21. Rxf2
Rxf2 22. Kg1 Rf7 23. Qxa7 Bxh3 24. Bxh3 Qxh3 25. Bxd6 Nh4 0-1

[Event "29. Grecia ch femenino"]
[Site "Atenas GRE"]
[Date "2006.11.28"]
[Round "4.4"]
[White "Pavlogianni, Despina"]
[Black "Makka, Ioulia"]
[Result "0-1"]
[WhiteElo "1951"]
[BlackElo "2204"]
[PlyCount "102"]
[EventDate "2006.11.27"]
[EventType "tourn"]
[EventRounds "9"]
[EventCountry "GRE"]
[Source "lmi"]
[SourceDate "2006.11.27"]

1. e4 e6 2. b3 d5 3. Bb2 dxe4 4. Nc3 Be7 5. Nxe4 Nf6 6. Qe2 a5 7. a3 O-O 8. g4
Bd7 9. Bg2 Bc6 10. Nh3 Nxe4 11. Bxe4 Bf6 12. Bxf6 Qxf6 13. O-O Qh4 14. Bg2 Bxg2
15. Kxg2 Nc6 16. c3 Rad8 17. Rad1 Qe7 18. a4 Qd6 19. Qe4 Ne5 20. d4 Ng6 21. f3
b6 22. Rfe1 Rd7 23. Nf2 Rfd8 24. Nd3 Qd5 25. Qxd5 Rxd5 26. Nf2 Kf8 27. Kg3 Ne7
28. f4 Nc6 29. Kf3 b5 30. axb5 Rxb5 31. Rb1 Rdb8 32. Ne4 Rxb3 33. Rxb3 Rxb3 34.
Ra1 Nxd4+ 35. Kf2 Rb2+ 36. Kg3 Nc6 37. Nc5 Rb5 38. Na6 Rb3 39. Nxc7 Rxc3+ 40.
Kf2 Nd4 41. Rd1 Rf3+ 42. Kg2 Rxf4 43. h3 a4 44. Ra1 Nc2 45. Ra2 Rc4 46. Nb5 Ke7
47. Kf3 Nd4+ 48. Nxd4 Rxd4 49. Ke3 Rb4 50. Kd2 Rb3 51. Rxa4 Rxh3 0-1

[Event "29. Grecia ch femenino"]
[Site "Atenas GRE"]
[Date "2006.11.28"]
[Round "4.5"]
[White "Papadopoulou, Vera"]
[Black "Makka, Evanthia"]
[Result "0-1"]
[WhiteElo "2246"]
[BlackElo "2076"]
[PlyCount "108"]
[EventDate "2006.11.27"]
[EventType "tourn"]
[EventRounds "9"]
[EventCountry "GRE"]
[Source "lmi"]
[SourceDate "2006.11.27"]

1. d4 Nf6 2. Nf3 e6 3. c4 Bb4+ 4. Nbd2 b6 5. a3 Bxd2+ 6. Bxd2 Ne4 7. Bf4 d6 8.
e3 Bb7 9. Bd3 f5 10. O-O Nd7 11. Rc1 O-O 12. b4 Qe7 13. Bg3 Nxg3 14. hxg3 e5
15. Be2 Kh8 16. d5 Rae8 17. Re1 Ra8 18. Qd2 Qf6 19. Bd1 g5 20. Ba4 Rf7 21. Qb2
h5 22. Bxd7 Rxd7 23. e4 f4 24. c5 Rh7 25. Rc3 h4 26. g4 Bc8 27. Nh2 Qg6 28.
cxd6 cxd6 29. Rc6 Qf6 30. Rec1 Bd7 31. Rc7 h3 32. gxh3 f3 33. Qc3 Rf8 34. h4
Rxh4 35. Qxf3 Qxf3 36. Nxf3 Rxg4+ 37. Kh2 Rf7 38. Rxd7 Rxd7 39. Kh3 Rf4 40.
Rc8+ Kg7 41. Nxg5 Rxf2 42. Kg4 Kg6 43. Ne6 Kf6 44. Rh8 Rf7 45. Rh3 Ke7 46. Rg3
R2f6 47. Kg5 Rxe6 48. dxe6 Rg7+ 49. Kh4 Rxg3 50. Kxg3 Kxe6 51. a4 d5 52. Kf3 d4
53. Ke2 a6 54. Kd3 b5 0-1

[Event "29. Grecia ch femenino"]
[Site "Atenas GRE"]
[Date "2006.11.29"]
[Round "5.1"]
[White "Makka, Evanthia"]
[Black "Fakhiridou, Ekaterini"]
[Result "0-1"]
[WhiteElo "2076"]
[BlackElo "2285"]
[PlyCount "52"]
[EventDate "2006.11.27"]
[EventType "tourn"]
[EventRounds "9"]
[EventCountry "GRE"]
[Source "lmi"]
[SourceDate "2006.11.27"]

1. d4 d6 2. e4 g6 3. Nf3 Bg7 4. c3 Nc6 5. Nbd2 e5 6. Nc4 exd4 7. Nxd4 Nxd4 8.
cxd4 d5 9. exd5 Qxd5 10. Be3 Ne7 11. Qd2 O-O 12. Qa5 b5 13. Qxc7 Nf5 14. Nd2
Nxd4 15. Bd3 Bf5 16. Bxf5 Nxf5 17. Nf3 Nxe3 18. fxe3 Qd3 19. Qc1 Rfe8 20. Qd2
Rxe3+ 21. Kd1 Rxf3 22. gxf3 Qxf3+ 23. Qe2 Rd8+ 24. Ke1 Qxh1+ 25. Qf1 Re8+ 26.
Kf2 Qxh2+ 0-1

[Event "29. Grecia ch femenino"]
[Site "Atenas GRE"]
[Date "2006.11.29"]
[Round "5.3"]
[White "Botsari, Anna Maria"]
[Black "Pavlogianni, Despina"]
[Result "1-0"]
[WhiteElo "2351"]
[BlackElo "1951"]
[PlyCount "73"]
[EventDate "2006.11.27"]
[EventType "tourn"]
[EventRounds "9"]
[EventCountry "GRE"]
[Source "lmi"]
[SourceDate "2006.11.27"]

1. d4 Nf6 2. c4 g6 3. Nc3 Bg7 4. e4 d6 5. f3 O-O 6. Bg5 c5 7. d5 e6 8. Qd2 exd5
9. cxd5 a6 10. a4 h6 11. Be3 h5 12. Nge2 Nbd7 13. Nd1 Ne5 14. Nec3 Re8 15. Be2
Nh7 16. O-O f5 17. Nf2 Bd7 18. Ra3 Qf6 19. h3 g5 20. exf5 Bxf5 21. Nce4 Qg6 22.
Nxg5 Nxg5 23. Bxg5 Nf7 24. Bf4 Bd4 25. Kh2 Kh7 26. g4 Rg8 27. Nd1 Ne5 28. Be3
Bxe3 29. Nxe3 hxg4 30. fxg4 Be4 31. Qe1 Qh6 32. Qg3 Raf8 33. Raa1 Nf3+ 34. Bxf3
Qxe3 35. Rae1 Qd2+ 36. Re2 Qd3 37. Bxe4+ 1-0

[Event "29. Grecia ch femenino"]
[Site "Atenas GRE"]
[Date "2006.11.29"]
[Round "5.4"]
[White "Stiri, Alexandra"]
[Black "Papadopoulou, Vera"]
[Result "1/2-1/2"]
[WhiteElo "2252"]
[BlackElo "2246"]
[PlyCount "182"]
[EventDate "2006.11.27"]
[EventType "tourn"]
[EventRounds "9"]
[EventCountry "GRE"]
[Source "lmi"]
[SourceDate "2006.11.27"]

1. e4 c5 2. Nf3 d6 3. d4 cxd4 4. Nxd4 Nf6 5. Nc3 Nc6 6. f4 Qb6 7. Nb3 g6 8. Bd3
Bg7 9. Qf3 O-O 10. Be3 Qd8 11. O-O Ng4 12. Bd2 a5 13. h3 Nf6 14. a4 Nb4 15. Nb5
Bd7 16. Kh1 Nxd3 17. cxd3 Bxb5 18. axb5 a4 19. Nd4 Nd7 20. Bc3 Qb6 21. Qg4 Bxd4
22. Qxd7 Bxc3 23. bxc3 Rfe8 24. Qg4 Qxb5 25. c4 Qb3 26. Qf3 Qc3 27. Rfc1 Qd4
28. Qd1 Qe3 29. Rcb1 a3 30. Rxb7 Qxf4 31. Rb3 a2 32. Qc2 f5 33. exf5 Qxf5 34.
Rxa2 Qf1+ 35. Kh2 Rxa2 36. Qxa2 Rf8 37. Qb1 Qf4+ 38. Kh1 Kg7 39. Rb7 Rf7 40.
Qe1 Qf1+ 41. Qxf1 Rxf1+ 42. Kh2 Kf6 43. Rb5 Re1 44. Rd5 Re5 45. Rd4 Re3 46. Kg1
Re2 47. Kf1 Rd2 48. Rf4+ Ke6 49. Re4+ Kd7 50. Re3 e5 51. g4 Kc6 52. Ke1 Rh2 53.
Rg3 Kc5 54. Rf3 Kd4 55. Kf1 Rd2 56. Rf7 Rxd3 57. Rxh7 Kxc4 58. h4 Rg3 59. g5 d5
60. Rh6 Rg4 61. Rxg6 Rxh4 62. Rg8 Rg4 63. g6 e4 64. Ke2 Kd4 65. g7 Rg6 66. Kf2
e3+ 67. Kf3 Rf6+ 68. Ke2 Rf2+ 69. Ke1 Rf7 70. Ke2 Re7 71. Ra8 Rxg7 72. Ra4+ Kc3
73. Ra3+ Kc4 74. Rxe3 Rg2+ 75. Kd1 Kd4 76. Rh3 Ra2 77. Rg3 Kc4 78. Rh3 Rg2 79.
Rf3 Ra2 80. Rh3 Ra7 81. Kd2 Ra2+ 82. Kd1 Rf2 83. Rg3 Rh2 84. Rf3 Rb2 85. Rh3
Rb3 86. Rxb3 Kxb3 87. Kd2 Kc4 88. Kc2 d4 89. Kd2 d3 90. Kd1 Kd4 91. Kd2 Kc4
1/2-1/2

[Event "29. Grecia ch femenino"]
[Site "Atenas GRE"]
[Date "2006.11.30"]
[Round "6.1"]
[White "Sperdokli, Elli"]
[Black "Makka, Ioulia"]
[Result "1-0"]
[WhiteElo "2111"]
[BlackElo "2204"]
[PlyCount "99"]
[EventDate "2006.11.27"]
[EventType "tourn"]
[EventRounds "9"]
[EventCountry "GRE"]
[Source "lmi"]
[SourceDate "2006.11.27"]

1. e4 e6 2. b3 d5 3. Bb2 dxe4 4. Nc3 Nf6 5. Qe2 Be7 6. Nxe4 O-O 7. O-O-O a5 8.
a3 Nxe4 9. Qxe4 Bf6 10. d4 c5 11. Nf3 Qe7 12. a4 cxd4 13. Nxd4 Nd7 14. Kb1 Rd8
15. Bd3 g6 16. Bb5 Nc5 17. Qe3 Na6 18. Rhe1 Bd7 19. Bc4 Be8 20. Qg3 Bh4 21. Qe5
Bf6 22. Nf5 gxf5 23. Qxf6 Qxf6 24. Bxf6 Rxd1+ 25. Rxd1 Nb4 26. c3 Nd5 27. Bxd5
exd5 28. Rxd5 Bc6 29. Rd1 Re8 30. g3 h6 31. Rd8 Kf8 32. Kb2 Rxd8 33. Bxd8 Ke8
34. Bxa5 Kd7 35. Bb6 Kd6 36. Be3 h5 37. h4 Kd5 38. c4+ Ke4 39. Kc3 Be8 40. a5
Ke5 41. Bf4+ Ke6 42. b4 Bc6 43. Kd4 Bg2 44. Kc5 Kd7 45. Kb6 Bf3 46. b5 Be4 47.
c5 Bf3 48. a6 bxa6 49. c6+ Kc8 50. bxa6 1-0

[Event "29. Grecia ch femenino"]
[Site "Atenas GRE"]
[Date "2006.11.30"]
[Round "6.2"]
[White "Makka, Evanthia"]
[Black "Stiri, Alexandra"]
[Result "1-0"]
[WhiteElo "2076"]
[BlackElo "2252"]
[PlyCount "49"]
[EventDate "2006.11.27"]
[EventType "tourn"]
[EventRounds "9"]
[EventCountry "GRE"]
[Source "lmi"]
[SourceDate "2006.11.27"]

1. d4 Nf6 2. Nf3 e6 3. e3 c5 4. Bd3 b6 5. O-O Be7 6. c4 Bb7 7. Nc3 cxd4 8. exd4
O-O 9. d5 h6 10. Bc2 Qc7 11. Re1 Qxc4 12. Ne5 Qh4 13. Qd3 Na6 14. Nxd7 Rfd8 15.
Nxf6+ Bxf6 16. Qh7+ Kf8 17. dxe6 fxe6 18. Ne4 Nc5 19. Nxc5 bxc5 20. Be3 Rac8
21. Rad1 Qg4 22. Rxd8+ Rxd8 23. Bxc5+ Kf7 24. g3 Qf3 25. Bg6# 1-0

[Event "29. Grecia ch femenino"]
[Site "Atenas GRE"]
[Date "2006.11.30"]
[Round "6.4"]
[White "Papadopoulou, Vera"]
[Black "Pambalou, Fotini"]
[Result "1/2-1/2"]
[WhiteElo "2246"]
[BlackElo "2177"]
[PlyCount "151"]
[EventDate "2006.11.27"]
[EventType "tourn"]
[EventRounds "9"]
[EventCountry "GRE"]
[Source "lmi"]
[SourceDate "2006.11.27"]

1. d4 d5 2. c4 e6 3. Nc3 Be7 4. Nf3 Nf6 5. Bg5 h6 6. Bh4 O-O 7. e3 Ne4 8. Bxe7
Qxe7 9. cxd5 Nxc3 10. bxc3 exd5 11. Qb3 Rd8 12. Bd3 c6 13. O-O Nd7 14. Rab1 b5
15. Rfe1 Nf6 16. Ne5 Qd6 17. h3 Be6 18. Qb4 Ne4 19. f3 f6 20. Nxc6 Nd2 21. Nxd8
Nxf3+ 22. Kf2 Qxb4 23. Rxb4 Nxe1 24. Kxe1 Rxd8 25. Rxb5 Rd7 26. Kd2 f5 27. a4
g5 28. a5 Kf7 29. a6 Ke7 30. Rb8 Kf6 31. Bb5 Rc7 32. Rb7 Re7 33. Kd3 h5 34.
Rxe7 Kxe7 35. c4 h4 36. c5 Bc8 37. Ke2 g4 38. Kf2 Kf6 39. Bd3 Kg5 40. Bb5 Kf6
41. Bc6 Bxa6 42. Bxd5 Bc8 43. Ke2 Ba6+ 44. Ke1 Ke7 45. e4 gxh3 46. gxh3 fxe4
47. Bxe4 Bc8 48. Bg2 Kf6 49. Kd2 a5 50. Kc3 Kf5 51. Kb3 Kf4 52. Ka4 Kg3 53. Bd5
Kxh3 54. c6 Kg4 55. Kxa5 Kf4 56. Kb6 Ke3 57. Kc5 h3 58. Bh1 Kf4 59. Kd6 h2 60.
c7 Ke3 61. d5 Kf2 62. Ke7 Kg1 63. Be4 Bf5 64. Bxf5 h1=Q 65. c8=Q Qxd5 66. Qc1+
Kf2 67. Qf4+ Ke2 68. Bg4+ Kd3 69. Qg3+ Kd4 70. Qf2+ Kc3 71. Qg3+ Kd4 72. Qg1+
Kc3 73. Qa1+ Kb4 74. Qe1+ Kc5 75. Qa5+ Kd4 76. Qb4+ 1/2-1/2

[Event "29. Grecia ch femenino"]
[Site "Atenas GRE"]
[Date "2006.12.01"]
[Round "7.1"]
[White "Makka, Ioulia"]
[Black "Papadopoulou, Vera"]
[Result "1/2-1/2"]
[WhiteElo "2204"]
[BlackElo "2246"]
[PlyCount "82"]
[EventDate "2006.11.27"]
[EventType "tourn"]
[EventRounds "9"]
[EventCountry "GRE"]
[Source "lmi"]
[SourceDate "2006.11.27"]

1. e4 c5 2. c4 Nc6 3. Ne2 g6 4. d4 cxd4 5. Nxd4 Bg7 6. Be3 Nf6 7. Nc3 Ng4 8.
Qxg4 Nxd4 9. Qd1 Nc6 10. Qd2 h5 11. Be2 d6 12. O-O Bd7 13. Rac1 Rc8 14. h3 Qa5
15. f4 O-O 16. Kh1 Kh7 17. a3 a6 18. Rc2 Rfe8 19. Nd5 Qxd2 20. Rxd2 Nb8 21. Nb6
Rcd8 22. Nxd7 Rxd7 23. Rfd1 Rc7 24. b4 Rec8 25. Kg1 Bc3 26. Rc2 Bg7 27. Rcd2
Bc3 28. Ra2 Nd7 29. Kf2 a5 30. Rb1 Ra8 31. b5 b6 32. Rc2 Bg7 33. a4 Rb8 34. Kf3
Nf8 35. g4 hxg4+ 36. hxg4 Ne6 37. Bd3 Nd4+ 38. Bxd4 Bxd4 39. Rh2+ Kg8 40. Rbh1
Bg7 41. g5 Rd8 1/2-1/2

[Event "29. Grecia ch femenino"]
[Site "Atenas GRE"]
[Date "2006.12.01"]
[Round "7.3"]
[White "Pambalou, Fotini"]
[Black "Makka, Evanthia"]
[Result "1/2-1/2"]
[WhiteElo "2177"]
[BlackElo "2076"]
[PlyCount "120"]
[EventDate "2006.11.27"]
[EventType "tourn"]
[EventRounds "9"]
[EventCountry "GRE"]
[Source "lmi"]
[SourceDate "2006.11.27"]

1. e4 e6 2. d3 d5 3. Nd2 c5 4. Ngf3 Nc6 5. g3 Nf6 6. Bg2 Be7 7. O-O O-O 8. Re1
Qc7 9. e5 Nd7 10. Qe2 a5 11. a4 Nb4 12. Nf1 Nb6 13. c3 Na6 14. Bf4 Bd7 15. Ne3
Rfc8 16. h4 Bxa4 17. h5 Bc6 18. g4 Nd7 19. g5 Qd8 20. Kh2 d4 21. Nc4 dxc3 22.
bxc3 Nc7 23. Rxa5 Nd5 24. Rxa8 Rxa8 25. Qd2 Nxf4 26. Qxf4 Bxf3 27. Qxf3 Bxg5
28. Rb1 Rb8 29. Rxb7 Rxb7 30. Qxb7 Nxe5 31. Nxe5 Bf4+ 32. Kg1 Bxe5 33. c4 h6
34. Qa8 Qxa8 35. Bxa8 g6 36. hxg6 fxg6 37. Kg2 Kf7 38. Be4 Kf6 39. Kh3 Bd4 40.
f3 h5 41. Bc6 Kf7 42. Be4 Be3 43. Bc6 g5 44. Be4 Kf6 45. Bc6 Ke5 46. Bb7 Kf4
47. Be4 Bd2 48. Bc6 Ke3 49. Be4 Ba5 50. Kg2 Bc7 51. Kh3 Be5 52. Kg2 Kf4 53. Kh3
Bc3 54. Bc6 Ke3 55. Be4 Bb2 56. Kg2 Ba3 57. Kh3 Bc1 58. Kg2 Bd2 59. Kh3 Kf2 60.
Bc6 Ke3 1/2-1/2